00333nam a2200121Ia 4500008004100000040001700041041001200058082001900070100002200089245005300111260003500164300001200199230917s9999||||xx |||||||||||||| ||und|| e148685aMAIN aEnglish a301.0973 B478A aBierstedt, Robert 0aamerican sociological theory: a crithcal History aNew YorkbAcademic Pressc1981 a519p p.